| 000 | 01051cam a2200325 a 4500 | ||
|---|---|---|---|
| 001 | 2049047 | ||
| 003 | LC | ||
| 005 | 20160308095130.0 | ||
| 008 | 930316s1993 nyu 000 1 eng | ||
| 010 | _a 93001099 | ||
| 020 | _a9780712659291 | ||
| 040 |
_aDLC _cDLC _dOCoLC _dDLC |
||
| 043 | _ae-ur-ru | ||
| 050 | 0 | 0 | _aPS 3553.O5796 .C775 1994 |
| 082 | 0 | 0 |
_aFIC _bC78r 1993 |
| 100 | 1 |
_aCoonts, Stephen, _d1946- _920005 |
|
| 245 | 1 | 4 |
_aThe red horseman _cStephen Coonts |
| 260 |
_aNew York : _bPocket Books, _c1994. |
||
| 300 |
_a344 p. ; _c25 cm. |
||
| 650 | 0 |
_aGrafton, Jake (Fictitious character) _xFiction. _920006 |
|
| 650 | 0 |
_aNuclear weapons plants _xFiction. _920007 |
|
| 650 | 0 |
_aTerrorism _xFiction. _920008 |
|
| 651 | 0 |
_aRussia (Federation) _xFiction. _920009 |
|
| 655 | 7 |
_aSpy stories. _2gsafd _94765 |
|
| 906 |
_a7 _bcbc _corignew _d1 _eocip _f19 _gy-gencatlg |
||
| 942 |
_2lcc _cBK |
||
| 999 |
_c11370 _d11370 |
||